• 首页
  • 本馆介绍
  • 公告通知
  • 最新文献
  • 馆藏检索
  • 电子资源
  • 读者导购
  • 参考咨询
  • 我的图书馆
  • 登录
  • 详细信息显示
  • 放入我的书架
  • 预约/预借图书
  • 作者相关作品
  • 分类相关作品
  • 丛书相关作品
  • 出版社相关作品

书目信息

  • 表格格式
  • 工作单格式
  • 卡片格式
题名:
OP放大电路设计
    
 
作者: 冈村迪夫 著 ;王玲 译
分册:  
出版信息: 北京   科学出版社  2004
页数: 13,342页
开本: 24cm
丛书名: 实用电子电路设计丛书
单 册:
中图分类: TN722.02
科图分类:
主题词: 放大器--电路设计 , 放大器 , 电路设计
电子资源:
ISBN: 978-7-03-013395-3
000 01207oam2 2200301 450
001 002725696
005 20070805112524.20
010    @a978-7-03-013395-3@dCNY35.00
100    @a20040920e20072004em y0chiy0110 ea
101 1  @achi@cjpn
102    @aCN@b110000
105    @ay z 000yy
106    @ar
200 1  @aOP放大电路设计@AOP fang da dian lu she ji@e从重视再现性设计的基础到实际应用@Econg zhong shi zai xian xing she ji de ji chu dao shi ji ying yong@f(日)冈村迪夫著@F( ri ) gang cun di fu zhu@g王玲等译@Gwang ling deng yi
210    @a北京@c科学出版社@d2004@h2007重印
215    @a13,342页@d24cm
225 2  @a实用电子电路设计丛书@Ashi yong dian zi dian lu she ji cong shu
305    @aCQ出版株式会社授权出版 据2003年版译出
330    @a本书列举大量实用性、技术性强的电路,介绍了OP放大电路的基础知识,以及OP放大器作为反相放大器、正相放大器、差动放大的应用等应用知识。
461  0 @1001002724750@12001 @a实用电子电路设计丛书
606 0  @a放大器@x电路设计
606 0  @a放大器
606 0  @a电路设计
690    @aTN722.02@v4
701  0 @c(日)@a冈村迪夫@Agang cun di fu@f(1935~)@4著
702  0 @a王玲@Awang ling@c(电子学)@4译
801  0 @aCN@bNLC@c20070805
905    @dTN722.02@e252@f5
    
    OP放大电路设计:从重视再现性设计的基础到实际应用/(日)冈村迪夫著/王玲等译.-北京:科学出版社,2004(2007重印)
    13,342页;24cm.-(实用电子电路设计丛书)
    
    
    ISBN 978-7-03-013395-3:CNY35.00
    本书列举大量实用性、技术性强的电路,介绍了OP放大电路的基础知识,以及OP放大器作为反相放大器、正相放大器、差动放大的应用等应用知识。
●
相关链接 在E读中查询图书 在五车中查询图书 在当当中查询图书 在豆瓣中查询图书


正题名:OP放大电路设计     索取号:TN722.02/252         预约/预借

序号 登录号 条形码 馆藏地/架位号 状态 备注
1 0852755   208527557   第二样本阅览室/ [索取号:TN722.02/252] 在馆    
2 0852756   208527566   第三借阅区/ [索取号:TN722.02/252] 在馆    
3 0852757   208527575   第三借阅区/ [索取号:TN722.02/252] 在馆    
4 0852758   208527584   第三借阅区/ [索取号:TN722.02/252] 在馆    
5 0852759   208527593   第三借阅区/ [索取号:TN722.02/252] 在馆    
唐山师范学院图书馆 欢迎您!
大连网信软件有限公司© 版权所有